| 000 | 01169 a2200217 4500 | ||
|---|---|---|---|
| 001 | 26885 | ||
| 005 | 20260407155546.0 | ||
| 008 | 260407a1981 arg spa d | ||
| 003 | AR-UNSa-BCEJYS | ||
| 040 |
_aAR-UNSa-BCEJYS _bspa _cAR-UNSa-BCEJYS |
||
| 080 |
_a711(09) _xHistoría del Urbanismo |
||
| 245 | 1 | 0 |
_aHistoria del urbanismo _pEl siglo XX |
| 020 | _a84-7088-275-9 | ||
| 264 | 1 |
_aMadrid : _bInstituto de Estudios de Administración Local _c1981 |
|
| 300 |
_a768 p. _c25 cm. |
||
| 505 | _a1. La formación del urbanismo, como disciplina autónoma, entre los siglos XIX, XX - 2. La arquitectura y el urbanismo en el período comprendido entre las dos guerras mundiales - 3. El período comprendido entre las dos guerras en Alemania - 4. El período comprendido entre las dos guerras en la Unión Sovietica - 5. Italia en el período comprendido entre las dos guerras mundiales - 6. Las vicisitudes urbanísticas en otros países europeos - 7. Ciudad y territorio en los Estados Unidos, entre la primera y la segunda guerra mundial | ||
| 942 | _cBK | ||
| 590 | _aniveau_biblio:m niveau_hierar:0 | ||
| 100 | 1 | _aSica, Paolo | |
| 700 | 1 | _aHernández Orozco, Joaquín | |
| 999 |
_c1506 _d1506 |
||